| 000 | 00678cam a2200229 4500 | ||
|---|---|---|---|
| 001 | D15414 | ||
| 008 | 090401t1985 xxu||||| |||| 00| 0 eng d | ||
| 035 | _a(Sirsi) u22628 | ||
| 041 | _aeng | ||
| 050 | _a622.1023 | ||
| 090 | _aRICS 1985/55ABCD | ||
| 110 |
_aRoyal Institution of Chartered Surveyors _94900 |
||
| 245 | 4 | _aThe future of minerals surveying services within the RICS: report of a working party of the Minerals Division of the RICS. | |
| 260 |
_aLondon _bRICS _c1985 |
||
| 300 | _a35p. ; 30cm | ||
| 350 | _a0 | ||
| 650 | _aMINERALS DIVISION | ||
| 650 | _aMINERALS SURVEYING SERVICES | ||
| 690 | _aMINING AND MINERALS | ||
| 942 | _n0 | ||
| 948 | _c04/03/1997 | ||
| 999 |
_c88220 _d88220 |
||